<?xml version="1.0" encoding="UTF-8"?><?xml-stylesheet type="text/xsl" href="static/style.xsl"?><OAI-PMH xmlns="http://www.openarchives.org/OAI/2.0/" xmlns:xsi="http://www.w3.org/2001/XMLSchema-instance" xsi:schemaLocation="http://www.openarchives.org/OAI/2.0/ http://www.openarchives.org/OAI/2.0/OAI-PMH.xsd"><responseDate>2026-06-05T12:35:22Z</responseDate><request verb="GetRecord" identifier="oai:riuma.uma.es:10630/29721" metadataPrefix="marc">https://riuma.uma.es/rest/oai/request</request><GetRecord><record><header><identifier>oai:riuma.uma.es:10630/29721</identifier><datestamp>2026-02-03T11:32:58Z</datestamp><setSpec>com_10630_2254</setSpec><setSpec>col_10630_37953</setSpec></header><metadata><record xmlns="http://www.loc.gov/MARC21/slim" xmlns:dcterms="http://purl.org/dc/terms/" xmlns:doc="http://www.lyncode.com/xoai" xmlns:xsi="http://www.w3.org/2001/XMLSchema-instance" xsi:schemaLocation="http://www.loc.gov/MARC21/slim http://www.loc.gov/standards/marcxml/schema/MARC21slim.xsd">
   <leader>00925njm 22002777a 4500</leader>
   <datafield ind2=" " ind1=" " tag="042">
      <subfield code="a">dc</subfield>
   </datafield>
   <datafield ind2=" " ind1=" " tag="720">
      <subfield code="a">Mayorga-Vega, Daniel</subfield>
      <subfield code="e">author</subfield>
   </datafield>
   <datafield ind2=" " ind1=" " tag="720">
      <subfield code="a">Martínez-Baena, Alejandro</subfield>
      <subfield code="e">author</subfield>
   </datafield>
   <datafield ind2=" " ind1=" " tag="720">
      <subfield code="a">Viciana-Ramírez, Jesus</subfield>
      <subfield code="e">author</subfield>
   </datafield>
   <datafield ind2=" " ind1=" " tag="260">
      <subfield code="c">2018-01-11</subfield>
   </datafield>
   <datafield ind2=" " ind1=" " tag="520">
      <subfield code="a">Physical education has been highlighted as an important environment for physical activity promotion, however, to our knowledge there are no previous studies examining the contribution of physical education to daily accelerometer-measured physical activity and non sedentary behaviour. The purpose was to compare the accelerometer-measured physical activity and sedentary behaviour between physical education, non-physical education and weekend days in adolescents. Of the 394 students from a Spanish high school that were invited to participate, 158 students (83 boys and 75 girls) aged 13-16 years were analyzed (wear time ≥ 600 min). Participants’ physical activity and sedentary behaviour were objectively-measured by GT3X+ accelerometers during physical education (one session), non-physical education and weekend days. Results indicated that overall adolescents had statistically significant greater physical activity levels and lower values of sedentary behaviour on physical education days than on non-physical education and weekend days (e.g., moderate-to-vigorous physical activity = 71, 54 and 57 min; sedentary = 710, 740 and 723 min) (p &lt; 0.05). Physical education contributes significantly to reducing students’ daily physical inactivity and sedentary behaviour. Increasing the number of physical education classes seems to be an effective strategy to reduce the high current prevalence of physical inactivity and sedentary behaviour in adolescence.</subfield>
   </datafield>
   <datafield ind1="8" ind2=" " tag="024">
      <subfield code="a">Mayorga-Vega, D., Martínez-Baena, A., &amp; Viciana, J. (2018). Does school physical education really contribute to accelerometer-measured daily physical activity and non sedentary behaviour in high school students? Journal of Sports Sciences, 36(17), 1913-1922. https://doi.org/10.1080/02640414.2018.1425967</subfield>
   </datafield>
   <datafield ind1="8" ind2=" " tag="024">
      <subfield code="a">1466-447X</subfield>
   </datafield>
   <datafield ind1="8" ind2=" " tag="024">
      <subfield code="a">https://hdl.handle.net/10630/29721</subfield>
   </datafield>
   <datafield ind1="8" ind2=" " tag="024">
      <subfield code="a">10.1080/02640414.2018.1425967</subfield>
   </datafield>
   <datafield tag="653" ind2=" " ind1=" ">
      <subfield code="a">Ejercicio físico - Adolescentes</subfield>
   </datafield>
   <datafield tag="653" ind2=" " ind1=" ">
      <subfield code="a">Educación física para adolescentes</subfield>
   </datafield>
   <datafield ind2="0" ind1="0" tag="245">
      <subfield code="a">Does school physical education really contribute to accelerometer-measured daily physical activity and non sedentary behaviour in high school students?</subfield>
   </datafield>
</record>
</metadata></record></GetRecord></OAI-PMH>